|
|
|
|
| LEADER |
00645cam a2200205 a 4500 |
| 001 |
0000115619 |
| 005 |
20130403090000.0 |
| 040 |
|
|
|a mod
|
| 041 |
|
|
|a eng
|
| 020 |
0 |
0 |
|a 013240334X
|
| 090 |
0 |
0 |
|a 621.3822
|b ORF
|e 1996
|
| 100 |
1 |
0 |
|a Orfanidis
|h Sophocles J.
|
| 245 |
1 |
0 |
|a Introduction to signal processing
|c Sophocles J. Orfanidis
|
| 260 |
0 |
0 |
|a New Jersey
|b Prentice Hall
|c 1996
|
| 300 |
0 |
0 |
|a xvi, 798 p.
|b ill.
|c 24 cm
|
| 440 |
0 |
0 |
|a Prentice Hall Signal Processing Series
|
| 500 |
0 |
0 |
|a Includes index
|
| 650 |
0 |
0 |
|a Signal processing
|x Digital techniques
|
| 852 |
0 |
0 |
|a 01
|
| 999 |
|
|
|a 4H00000668
|b KD Pelandok
|d BOOKS
|e Hadiah - Umum
|f KD PELANDOK
|j AVAILABLE
|q GOOD CONDITION
|